Responses for Show #7107 - Tuesday, July 7, 2015

Contestants

[<< previous game]

Bridget Ker, a museum professional from Hamilton, Ontario, Canada

Sawyer Morgan, an engineering student originally from Fishers, Indiana

Jess Lindoerfer, a study-abroad program manager from Putney, Vermont (whose 1-day cash winnings total $17,801)

[next game >>]

Jeopardy! Round responses

COMIC-CON
(Alex: Now, Comic-Con opens, of course, later this week here in Southern California.)
1990s BESTSELLERS
A SPEECH TO CONGRESS
CROCODILE
DONE "D"
(Alex: Each correct response will begin--and, as a matter of fact, will end--with that letter.)
(Alex: And finally--what did he say in the movie?...)
YOU CALL THAT A KNIFE?
    $200 28
[The end-of-round signal sounds.]

San Diego

Sawyer
    $200 6
Men Are from Mars, Women Are from Venus

Jess
    $200 11
Benjamin Netanyahu

Sawyer
    $200 16
the Nile

Sawyer
    $200 1
deplaned

Jess
    $200 18
(Jess: What is a butcher knife?)
(Alex: More specific.)
(Jess: What is a butcher-block knife?)
(Alex: No. There's a specific word.)

a cleaver

JessSawyer
    $400 20
(Matt) Groening

Jess
    $400 7
her groove

Jess
    $400 12
(Sawyer: What is Alaska?)

California

Sawyer
Triple Stumper
    $400 17
their tail

Jess
    $400 2
detoxed

Bridget
    $600 9
Eisner

Bridget
    $600 8
Primary Colors

Bridget
    $1,000 13
Ukraine

Sawyer
    $600 19
(Paul) Hogan

Bridget
    $600 3
dognapped

Jess
    $600 25
tang

Bridget
    $800 10
cosplay

Sawyer
    $800 23
Kitty Kelley

Triple Stumper
    $800 14
Lyndon B. Johnson

Sawyer
    $800 21
sweat glands

Bridget
    $800 4
(Jess: What is decapitate?)

deposed

Jess
Triple Stumper
    $1000 22
Battlestar Galactica

Bridget
    $1000 24
(Alex: [*], yes, with a minute to go.)

(Jeffrey) Archer

Bridget
    $1000 15
General Douglas MacArthur

Triple Stumper
    $1000 27
(Sawyer: What is the Ternary era?)

the Triassic period

Sawyer
Triple Stumper
    $1000 5
dragooned

Triple Stumper
    $1000 26
a lancet

Triple Stumper

Scores at the first commercial break (after clue 15):

Jess Sawyer Bridget
$600 $2,400 $1,600

Scores at the end of the Jeopardy! Round:

Jess Sawyer Bridget
$1,200 $2,000 $5,600

Double Jeopardy! Round responses

ADD A CONSONANT
(Alex: In that category, each response will need to be two words.)
CLASSICAL COMPOSERS
ASIAN ISLANDS
THE 16th CENTURY
PHILOSOPHIC PHIL IN
THE "VAN" POOL
    $400 6
slash & splash

Bridget
    $400 7
(Alex: [*]--because he was deaf.)

Beethoven

Jess
    $400 9
Sri Lanka

Sawyer
    $400 13
Florence

Sawyer
    $400 26
create (or invent)

Jess
    $400 1
Eddie Van Halen

Bridget
    $800 8
both & broth

Sawyer
    $800 25
Sir Edward Elgar

Triple Stumper
    $800 10
Hong Kong

Sawyer
    $800 15
Roanoke

Bridget
    $800 27
Superman

Triple Stumper
    $800 2
Jean-Claude Van Damme

Bridget
    $1200 18
wrench & wench

Jess
    $1200 20
Hector Berlioz

Triple Stumper
    $1200 11
Vietnam

Sawyer
    $1200 19
Suleiman

Bridget
    $1200 28
short

Bridget
    $1200 3
Dick Van Patten

Triple Stumper
    $1600 17
sear & shear

Triple Stumper
    $1600 24
Antonín Dvořák

Triple Stumper
    $1600 12
Borneo

Jess
    $1,800 22
the Mongols

Bridget
    $2,000 30
(Bridget: What is solitary?)

political

Bridget
    $1600 4
(Gloria) Vanderbilt

Jess
    $2000 16
pane & plane

Sawyer
    $2000 23
Rachmaninoff

Triple Stumper
    $2000 14
(Bridget: What is Ryukyu?)

Hokkaido

SawyerBridget
    $2000 21
Jacques Cartier

Bridget
    $2000 29
(Sawyer: What is "Why?")

suicide

Sawyer
Triple Stumper
    $2000 5
(Luther) Vandross

Jess

Scores at the end of the Double Jeopardy! Round:

Jess Sawyer Bridget
$8,400 $7,600 $10,200

[wagering suggestions for these scores]

Final Jeopardy! Round responses

INTERNATIONAL COMPETITIONS
(Alex: [To Jess] She didn't get anything, I don't think. You were going--I can't even--)
(Jess: I don't even know what I was going for.)
(Alex: Okay, good. Maybe we won't pursue that.)
SawyerWhat is the Tour de France?
$3,990
JessWhat is the Busch
$6,801
BridgetWhat is the Pritzker Prize
$6,601
the Tour de France

Final scores:

Jess Sawyer Bridget
$1,599 $11,590 $3,599
3rd place: $1,000 New champion: $11,590 2nd place: $2,000

Game dynamics:

Coryat scores:

Jess Sawyer Bridget
$8,400 $7,200 $12,000
12 R,
2 W
14 R
(including 1 DD),
3 W
16 R
(including 1 DD),
2 W
(including 1 DD)

Combined Coryat: $27,600

[game clues] [game scores] [suggest correction]

Game tape date: Unknown
The J! Archive is created by fans, for fans. Scraping, republication, monetization, and malicious use prohibited; this site may use cookies and collect identifying information. See terms. The Jeopardy! game show and all elements thereof, including but not limited to copyright and trademark thereto, are the property of Jeopardy Productions, Inc. and are protected under law. This website is not affiliated with, sponsored by, or operated by Jeopardy Productions, Inc. Join the discussion at JBoard.tv.